000 00585nam a2200241Ia 4500
008 190123s9999 xx 000 0 und d
020 _a9780439696661
050 _bC522 2004
100 _aCherrington, Janelle
245 0 _aFlowers have colors /
245 0 _cby Janelle Cherrington.
260 _aNew York, New York :
260 _bScholastic,
260 _c2004
300 _a8 pages :
300 _bcolored illustrations ;
300 _c15cm.
500 _a20L
650 _aColors.
650 _aFlowers.
650 _aReaders (Elementary).
700 _aTitle.
999 _c360970
_d360970